1431 1997 1553 1541 1290 1276 1749 1464 1692 1848 1852 1734 1063 1648 1157 1515 1146 1487 1113 1830 1202 1342 1139 1500 1812 1234 1821 1176 1759 1492 1754 1505 1517 1600 1019 1033 1536 1173 1182 1505 1020 1657 1707 1725 1658 1381 1222 1311 1878 1370 1340 1119 1780 1551 1965 1957 1796 1825 1446 1968 1765 1515 1234 1728 1737 1008 1501 1954 1420 1243 1560 1368 1813 1858 1742 1362 1174 1495 1702 1520 1319 1515 1657 1101 1973 1461 1544 1889 1021 1615 1572 1271 1853 1154 1989 1993 1204 1128 1977 BCNSPRNW ULIB Ver.6.0+V

เปลี่ยนเป็นภาษาไทย

Change to English
 แสดงรายละเอียดบรรณานุกรม
  กลับหน้าหลัก

Brief Record : Get Marc (ISO 2709) : E-mail record : QR code < ปิดหน้าต่าง
LEADER : 00000nam 2200000uu 4500
001    13399124077
003     ULIB
008    150112s2554||||th 000 0 tha d
020    ^a9789741115365
060  4 ^aWA950^bว543ต
100 0  ^aวิชัย เอกพลากร.
245 10 ^aตำราชีวสถิติพื้นฐาน /^cวิชัย เอกพลากร.
250    ^aพิมพ์ครั้งที่ 1.
260    ^aกรุงเทพฯ :^bโครงการตำรารามาธิบดี คณะแพทยศาสตร์โรงพยาบาลรามาธิบดี มหาวิทยาลัยมหิดล,^c2554.
300    ^av, 174 หน้า :^bภาพประกอบ ;^c23 ซม.
650  7 ^aชีวสถิติ
650  7 ^aสถิติ
710 2  ^aมหาวิทยาลัยมหิดล.^bคณะแพทยศาสตร์โรงพยาบาลรามาธิบดี.^bโครงการตำรารามาธิบดี.
945    ^p220^l0^i038117
945    ^p220^l0^i038118
945    ^p220^l0^i038119
945    ^p220^l0^i038120
945    ^p220^l0^i038121
945    ^p220^l0^i038122
945    ^p220^l0^i038123
999    ^aเกษร โพธิ์สุวรรณ
รายการนี้ยังไม่มีแท็ก
คุณยังไม่ได้ล็อกอิน คุณสามารถมีกิจกรรมร่วมกับเว็บไซต์ได้ แต่ต้องล็อกอินก่อน ::
  ล็อกอิน

รายการสื่อสารสนเทศ

ลำดับที่ ประเภท เลขเรียก/บาร์โค้ด สถานที่ สถานะ
1. วิทยาศาสตร์การแพทย์ และสุขภาพ
หนังสือสำรอง
สถานะ=หนังสือสำรอง
WA950 ว543ต ฉ.1 
  Barcode: 038117
ห้องสมุดวิทยาเขตสวรรค์ประชารักษ์
►ส่วนจัดเก็บหนังสือเก่า สปร
บนชั้น
  ขอยืม
2. วิทยาศาสตร์การแพทย์ และสุขภาพ
วิทยาศาสตร์การแพทย์ และสุขภาพ
WA950 ว543ต ฉ.2 
  Barcode: 038118
ห้องสมุดวิทยาเขตสวรรค์ประชารักษ์
►ส่วนจัดเก็บหนังสือเก่า สปร
บนชั้น
  ขอยืม
3. วิทยาศาสตร์การแพทย์ และสุขภาพ
วิทยาศาสตร์การแพทย์ และสุขภาพ
WA950 ว543ต ฉ.3 
  Barcode: 038119
ห้องสมุดวิทยาเขตสวรรค์ประชารักษ์
►ส่วนจัดเก็บหนังสือเก่า สปร
บนชั้น
  ขอยืม
4. วิทยาศาสตร์การแพทย์ และสุขภาพ
วิทยาศาสตร์การแพทย์ และสุขภาพ
WA950 ว543ต ฉ.4 
  Barcode: 038120
ห้องสมุดวิทยาเขตสวรรค์ประชารักษ์
►ส่วนจัดเก็บหนังสือเก่า สปร
บนชั้น
  ขอยืม
5. วิทยาศาสตร์การแพทย์ และสุขภาพ
วิทยาศาสตร์การแพทย์ และสุขภาพ
WA950 ว543ต ฉ.5 
  Barcode: 038121
ห้องสมุดวิทยาเขตสวรรค์ประชารักษ์
►ส่วนจัดเก็บหนังสือเก่า สปร
บนชั้น
  ขอยืม
6. วิทยาศาสตร์การแพทย์ และสุขภาพ
วิทยาศาสตร์การแพทย์ และสุขภาพ
WA950 ว543ต ฉ.6 
  Barcode: 038122
ห้องสมุดวิทยาเขตสวรรค์ประชารักษ์
►ส่วนจัดเก็บหนังสือเก่า สปร
ถูกยืม กำหนดส่งวันที่ 1 มกราคม 2569
  จอง
7. วิทยาศาสตร์การแพทย์ และสุขภาพ
วิทยาศาสตร์การแพทย์ และสุขภาพ
WA950 ว543ต ฉ.7 
  Barcode: 038123
ห้องสมุดวิทยาเขตสวรรค์ประชารักษ์
►ส่วนจัดเก็บหนังสือเก่า สปร
บนชั้น
  ขอยืม

รายการใกล้เคียง
    ผู้แต่ง [วิชัย เอกพลากร.]

    หัวเรื่อง [ชีวสถิติ]
    หัวเรื่อง [สถิติ]

BibComment


ยังไม่เคยถูกคอมเมนท์

คอมเมนท์ทรัพยากรรายการนี้
  คอมเมนท์: ตำราชีวสถิติพื้น..


 Copyright 2026. Bcnsprnw @Library